000
00255nam a2200097Ia 4500
008
230915s9999 xx 000 0 und d
050
_a
HD30.3.O76
100
_a
JAMES S. O'ROURKE
245
0
_a
MANAGEMENT COMMUNICATION: A CASE-ANALYSIS APPROACH
942
_c
BK
999
_c
75804
_d
75804